Statistics for To Hell With It Tracklist (PinkPantheress)

Click here to take the quiz!

General Stats

  • This quiz has been taken 48 times
  • The average score is 7 of 10

Answer Stats

HintAnswer% Correct
1Pain
95%
10Break it Off - Bonus
88%
5Just For Me
83%
4Passion
78%
2I Must Apologise
73%
8All My Friends Know
71%
3Last Valentines
71%
9Nineteen
68%
7Reason
66%
6Noticed I Cried
44%

Score Distribution

Percentile by Number Answered

Percent of People with Each Score

Your Score History

You have not taken this quiz